000 00694nam a22001935i 4500
001 169344
003 ES-MaACL
005 20231216062911.0
008 080901s2000 sp |||| | spa d
080 _a929 Ramos, Demetrio
100 1 _aPérez de Tudela y Bueso, Juan,
_d1922-2004
_990810
245 1 0 _aDemetrio Ramos Pérez /
_cJuan Pérez de Tudela y Bueso.
260 _aMadrid :
_bReal Academia de la Historia,
_c2000.
300 _a6 p., [1] h. de lám. ;
_c22 cm.
595 _aSeparata de: Boletín de la Real Academia de la Historia, tomo CXCVII, cuaderno I.
600 1 4 _aRamos, Demetrio.
_995248
852 _aES-MaACL
_j2234-F-8
_9R.142407
999 _c169344
_d169344